Countries With Z - Statistics

General Stats
  • This quiz has been taken 21 times
  • The average score is 12 of 15
Answer Stats
Country % Correct
Zambia
100%
Zimbabwe
100%
Mozambique
89%
Azerbaijan
84%
Brazil
84%
Uzbekistan
84%
Belize
79%
Kazakhstan
79%
Kyrgyzstan
74%
New Zealand
74%
Switzerland
74%
Venezuela
74%
Czechia
68%
Tanzania
68%
Bosnia and Herzegovina
63%
No matching quizzes found
Score Distribution
Percent of People with Each Score
Percentile by Number Answered
Your Score History
You have not taken this quiz